Maailman valtionpäämiehiä - Statistics

Yleistilastot
  • Tätä visaa on pelattu 28 kertaa
  • Keskiarvotulos 9 / 18
Vastaustilastot
Hint Vastaus % Oikein
Yhdysvallat, presidentti Donald Trump
100%
Venäjä, presidentti Vladimir Putin
100%
Suomi, presidentti Alexander Stubb
96%
Ranska, presidentti Emmanuel Macron
83%
Iso-Britannia, kuningas Charles III
79%
Ruotsi, kuningas Kaarle XVI Kustaa
79%
Vatikaani, paavi Leo XIV
67%
Ukraina, presidentti Volodomyr Zelenskyi
67%
Kiina, presidentti Xi Jinping
54%
Pohjois-Korea, pääsihteeri Kim Jong-un
42%
Japani, keisari Naruhito
33%
Espanja, kuningas Felipe VI
17%
Viro, presidentti Alar Karis
13%
Filippiinit, presidentti Bongbong Marcos
8%
Brasilia, presidentti Luiz Inacio Lula da Silva
8%
Intia, presidentti Droupadi Murmu
4%
Saudi-Arabia, kuningas Salman
4%
Qatar, emiiri Tamim bin Hamad Al Thani
4%
Ehtoja vastaavia visoja ei löytynyt
Tulosjakauma
Jokaisen tuloksen saaneiden osuus
Persentiili vastausten määrän mukaan
Tuloshistoriasi
Et ole pelannut tätä visaa